Statistics for Geography By Letter: C

Click here to take the quiz!

General Stats

  • This quiz has been taken 44 times
  • The average score is 12 of 15

Answer Stats

HintAnswer% Correct
Chopsticks were invented hereChina
95%
Largest Caribbean islandCuba
95%
Country home to Angkor WatCambodia
93%
Northern tropic known as Tropic of ______Cancer
93%
Mexican state and dog breedChihuahua
93%
Famous monument in ItalyColosseum
93%
Largest Greek islandCrete
93%
Baja California borders this US stateCalifornia
91%
Napoleon was born in this islandCorsica
91%
Istanbul was formerly known as…Constantinople
88%
Annexed by RussiaCrimea
86%
Largest tribe in the USCherokee
60%
Country with a weird nameCzechia
58%
Spanish word for cityCiudad
56%
Largest Chinese city beginning with CChengdu
47%

Score Distribution

Percentile by Number Answered

Percent of People with Each Score

Your Score History

You have not taken this quiz